| 000 | 00559nam a22001937a 4500 | ||
|---|---|---|---|
| 003 | KOHA_MİRAKIL | ||
| 005 | 20251116153334.0 | ||
| 008 | 251116b tu ||||| |||| 00| 0 tur d | ||
| 020 | _a9786254050671 | ||
| 040 |
_aTR-AnABB _btur _cTR-AnABB |
||
| 041 | _atur | ||
| 082 |
_a828.335 _bBEL 2022 |
||
| 100 | 1 | _aBellamy, Edward, | |
| 245 | 1 | 0 |
_aGeriye bakış / _cEdward Bellamy |
| 260 |
_aİstanbul : _bTürkiye İş Bankası Kültür Yayınları, _c2022 |
||
| 300 |
_a268 sayfa ; _c21 cm |
||
| 650 | 0 | 4 | _aAmerikan edebiyatı, roman |
| 942 |
_2ddc _cBK |
||
| 999 |
_c9441 _d9441 |
||
| 900 | _bGizem YORULMAZ | ||